000 01240nam2a2200277 4500
001 RU\NLR\bibl\1842059
005 20250616172435.0
010 _a978-5-9506-0695-3
_9400
021 _aRU
_b2011-54857
_93907
035 _a(NLR Aleph) 001832513
090 _a2158842
_c2158842
100 _a20111201d2011 |||y0rusy50 ca
101 0 _arus
102 _aRU
105 _ay |||||||||
200 0 _aВып. 9
_f[ред.: Р.К. Тишковский, Т.В. Корзо]
210 _aМосква
_cЭкон-Информ
_d2011
215 _a189 с.
327 1 _aСодерж.: авт.: Р. Тишковский, В. Ткач, Е. Баранова, В. Баркова, А. Аристова, В. Сергеев, Натали, И. Бестужев, С. Севрикова, В. Пинаевская [и др.]
461 0 _1001RU\NLR\bibl\820335
_12001#$aСозвучие$vВып. 9
_91230715
_cМосква
_d2004
_f[сост. В.А. Сергеев
_nГрааль
_oлитературный сборник
_tСозвучие
_vВып. 9
702 1 _aТишковский
_bР. К.
_gРоман Константинович
_4340
801 0 _aRU
_bNLR
_c20111201
_gRCR
801 1 _aRU
_bNLR
_c20111201
942 _cBOOK
980 _aNB